[Event "GAMMA Reykjavik Open 2019"]
[Site "Reykjavik"]
[Date "2019.04.13"]
[Round "6.29"]
[White "Suleymenov, Alisher"]
[Black "Mayrhuber, Nikola"]
[Result "1-0"]
[WhiteElo "2431"]
[BlackElo "1977"]
[Annotator "NA RC"]
[PlyCount "115"]
[EventDate "2019.04.04"]
[EventType "swiss"]
[EventCountry "ISL"]
[SourceTitle "playchess.com"]
[Source "ChessBase"]
[SourceQuality "1"]
[TimeControl "40/5400+30:1800+30"]

1. d4 {[%emt 0:00:34]} d5 {[%emt 0:00:00]} 2. c4 {[%emt 0:00:07]} e6 {[%emt 0:00:00]} 3. Nf3 {[%emt 0:00:14]} Nf6 {[%emt 0:00:00]} 4. g3 {[%emt 0:00:13]} Be7 {[%emt 0:00:03]} 5. Bg2 {[%emt 0:00:09]} O-O {[%emt 0:00:10]} 6. O-O {[%emt 0:00:05]} dxc4 {[%emt 0:00:14]} 7. Qc2 {[%emt 0:01:44]} a6 {[%emt 0:04:02]} 8. a4 {[%emt 0:00:13]} Bd7 {[%emt 0:00:21]} 9. Qxc4 {[%emt 0:13:36]} Bc6 {[%emt 0:00:34]} 10. Bg5 {[%emt 0:00:04]} Bd5 {[%emt 0:00:27]} 11. Qd3 {[%emt 0:11:08]} c5 {[%emt 0:02:19]} 12. dxc5 {[%emt 0:06:36]} Bxc5 {[%emt 0:05:22]} 13. Nc3 {[%emt 0:06:55]} Bc6 {[%emt 0:04:46]} 14. Qc4 {[%emt 0:05:43]} Be7 {[%emt 0:06:18]} 15. Rfd1 {[%emt 0:05:19]} Qa5 {[%emt 0:03:48]} 16. e4 {[%emt 0:06:16]} h6 {[%emt 0:02:07]} 17. Bf4 {[%emt 0:08:52]} Nbd7 {[%emt 0:07:34]} 18. Nd4 {[%emt 0:00:51]} Ne5 {[%emt 0:05:54]} 19. Bxe5 {[%emt 0:03:00]} Qxe5 {[%emt 0:00:38]} 20. Nxc6 {[%emt 0:00:13]} bxc6 {[%emt 0:00:16]} 21. Rd2 {[%emt 0:07:26]} Qc5 {[%emt 0:05:34]} 22. Qxc5 {[%emt 0:04:12]} Bxc5 {[%emt 0:00:06]} 23. Rc2 {[%emt 0:03:12]} Ba7 {[%emt 0:10:04]} 24. Na2 {[%emt 0:07:13]} Rab8 {[%emt 0:07:12]} 25. b4 {[%emt 0:00:28]} a5 {[%emt 0:02:18]} 26. bxa5 {[%emt 0:00:55]} Bd4 {[%emt 0:00:21]} 27. Re1 {[%emt 0:04:22]} c5 {[%emt 0:00:32]} 28. Bf1 {[%emt 0:00:17]} Ng4 {[%emt 0:05:55]} 29. Kg2 {[%emt 0:01:26]} Rb3 {[%emt 0:08:09]} 30. Bb5 {[%emt 0:02:07]} Ra3 {[%emt 0:02:29]} 31. Nc1 {[%emt 0:00:00]} Rc8 {[%emt 0:03:43]} 32. a6 {[%emt 0:00:33]} Rc7 {[%emt 0:00:43]} 33. h3 {[%emt 0:00:53]} Ne5 {[%emt 0:00:29]} 34. Rd1 {[%emt 0:00:39]} Ra7 {[%emt 0:04:00]} 35. Ne2 {[%emt 0:00:38]} Nf3 {[%emt 0:03:56]} 36. Nxd4 {[%emt 0:00:10]} cxd4 {[%emt 0:03:27]} 37. Be2 {[%emt 0:00:36]} d3 {[%emt 0:03:27]} 38. Rc8+ {[%emt 0:00:05]} Kh7 {[%emt 0:00:04]} 39. Bxf3 {[%emt 0:00:00]} Rxa6 {[%emt 0:00:00]} 40. Rd8 {[%emt 0:00:00]} R6xa4 {[%emt 0:00:00]} 41. R8xd3 {[%emt 0:00:24]} Rxd3 {[%emt 0:05:17]} 42. Rxd3 {[%emt 0:01:52]} g6 {[%emt 0:01:21]} 43. g4 {[%emt 0:05:36]} Kg7 {[%emt 0:03:17]} 44. Kg3 {[%emt 0:01:10]} Ra5 {[%emt 0:00:45]} 45. Bd1 {[%emt 0:00:35]} Rc5 {[%emt 0:00:52]} 46. f4 {[%emt 0:02:04]} Ra5 {[%emt 0:00:37]} 47. Rc3 {[%emt 0:02:38]} Ra1 {[%emt 0:01:21]} 48. Be2 {[%emt 0:01:06]} Ra5 {[%emt 0:00:15]} 49. Bd3 {[%emt 0:00:24]} Ra4 {[%emt 0:03:55]} 50. f5 {[%emt 0:01:56]} gxf5 {[%emt 0:00:26]} 51. exf5 {[%emt 0:00:05]} exf5 {[%emt 0:01:07]} 52. Bxf5 {[%emt 0:00:11]} Ra5 {[%emt 0:00:44]} 53. Kh4 {[%emt 0:00:10]} Ra6 {[%emt 0:03:24]} 54. Rc7 {[%emt 0:02:48]} Rb6 {[%emt 0:01:01]} 55. Bd3 {[%emt 0:00:21]} Rf6 {[%emt 0:01:31]} 56. Bc4 {[%emt 0:00:11]} Rf2 {[%emt 0:00:45]} 57. Kh5 {[%emt 0:00:26]} Rf3 {[%emt 0:00:51]} 58. Rxf7+ {[%emt 0:00:07]} 1-0

[Event "GAMMA Reykjavik Open 2019"]
[Site "Reykjavik"]
[Date "2019.04.13"]
[Round "6.30"]
[White "Valtysson, Thor"]
[Black "Borocz, Istvan"]
[Result "0-1"]
[WhiteElo "1915"]
[BlackElo "2350"]
[Annotator "NA"]
[PlyCount "74"]
[EventDate "2019.04.04"]
[EventType "swiss"]
[EventCountry "ISL"]
[SourceTitle "playchess.com"]
[Source "ChessBase"]
[SourceQuality "1"]
[TimeControl "40/5400+30:1800+30"]

1. d4 {[%emt 0:00:00]} Nf6 {[%emt 0:00:00]} 2. Nf3 {[%emt 0:00:00]} g6 {[%emt 0:00:00]} 3. Bf4 {[%emt 0:00:01]} Bg7 {[%emt 0:00:03]} 4. e3 {[%emt 0:00:11]} b6 {[%emt 0:02:01]} 5. Be2 {[%emt 0:00:18]} Bb7 {[%emt 0:00:15]} 6. O-O {[%emt 0:00:17]} O-O {[%emt 0:01:53]} 7. h3 {[%emt 0:03:17]} c5 {[%emt 0:00:31]} 8. c3 {[%emt 0:00:15]} d6 {[%emt 0:00:10]} 9. Nbd2 {[%emt 0:01:20]} Nbd7 {[%emt 0:00:08]} 10. a4 {[%emt 0:00:33]} a6 {[%emt 0:00:16]} 11. Bh2 {[%emt 0:00:20]} Ra7 {[%emt 0:01:06]} 12. Re1 {[%emt 0:02:48]} Qa8 {[%emt 0:03:44]} 13. Bf1 {[%emt 0:01:31]} Ne4 {[%emt 0:09:57]} 14. Nxe4 {[%emt 0:02:56]} Bxe4 {[%emt 0:00:27]} 15. Nd2 {[%emt 0:06:01]} Bc6 {[%emt 0:02:24]} 16. Qb1 {[%emt 0:05:24]} Rc8 {[%emt 0:09:51]} 17. Rc1 {[%emt 0:08:54]} Rac7 {[%emt 0:02:40]} 18. Qd3 {[%emt 0:09:11]} Bb7 {[%emt 0:02:30]} 19. Bg3 {[%emt 0:20:20]} Re8 {[%emt 0:11:19]} 20. Nc4 {[%emt 0:04:10]} Be4 {[%emt 0:11:23]} 21. Qe2 {[%emt 0:02:26]} Ra7 {[%emt 0:02:08]} 22. Rd1 {[%emt 0:01:27]} Rb8 {[%emt 0:05:35]} 23. f3 {[%emt 0:02:31]} Bd5 {[%emt 0:05:23]} 24. e4 {[%emt 0:04:40]} Bxc4 {[%emt 0:01:39]} 25. Qxc4 {[%emt 0:00:05]} b5 {[%emt 0:03:12]} 26. axb5 {[%emt 0:04:02]} axb5 {[%emt 0:01:02]} 27. Rxa7 {[%emt 0:00:17]} Qxa7 {[%emt 0:00:08]} 28. Qd3 {[%emt 0:01:24]} b4 {[%emt 0:04:56]} 29. Bf2 {[%emt 0:03:55]} bxc3 {[%emt 0:02:18]} 30. bxc3 {[%emt 0:00:18]} Qa2 {[%emt 0:04:43]} 31. Rd2 {[%emt 0:03:20]} Qa3 {[%emt 0:01:11]} 32. Rc2 {[%emt 0:05:08]} Rb1 {[%emt 0:02:26]} 33. g3 {[%emt 0:03:17]} cxd4 {[%emt 0:02:19]} 34. Bxd4 {[%emt 0:02:36]} Bxd4+ {[%emt 0:01:36]} 35. Qxd4 {[%emt 0:00:12]} Ne5 {[%emt 0:02:31]} 36. Rf2 {[%emt 0:01:10]} Rc1 {[%emt 0:01:45]} 37. f4 {[%emt 0:00:36]} Nc6 {[%emt 0:00:36]} 0-1

[Event "GAMMA Reykjavik Open 2019"]
[Site "Reykjavik"]
[Date "2019.04.13"]
[Round "6.31"]
[White "Stefansson, Vignir Vatnar"]
[Black "Baldvinsson, Loftur"]
[Result "1-0"]
[WhiteElo "2293"]
[BlackElo "1938"]
[Annotator "NA"]
[PlyCount "61"]
[EventDate "2019.04.04"]
[EventType "swiss"]
[EventCountry "ISL"]
[SourceTitle "playchess.com"]
[Source "ChessBase"]
[SourceQuality "1"]
[TimeControl "40/5400+30:1800+30"]

1. e4 {[%emt 0:00:00]} e5 {[%emt 0:00:00]} 2. Nf3 {[%emt 0:00:00]} Nc6 {[%emt 0:00:00]} 3. Bc4 {[%emt 0:00:00]} Nf6 {[%emt 0:00:00]} 4. Ng5 {[%emt 0:00:00]} d5 {[%emt 0:00:00]} 5. exd5 {[%emt 0:00:00]} Nd4 {[%emt 0:02:16]} 6. c3 {[%emt 0:00:07]} Nf5 {[%emt 0:00:28]} 7. Qe2 {[%emt 0:03:02]} Bd6 {[%emt 0:01:40]} 8. d3 {[%emt 0:01:15]} O-O {[%emt 0:01:42]} 9. O-O {[%emt 0:00:14]} Nh4 {[%emt 0:03:52]} 10. Ne4 {[%emt 0:01:49]} h6 {[%emt 0:00:20]} 11. Nbd2 {[%emt 0:02:24]} Nh7 {[%emt 0:01:26]} 12. Qh5 {[%emt 0:03:11]} Ng6 {[%emt 0:06:14]} 13. Nxd6 {[%emt 0:01:59]} cxd6 {[%emt 0:00:23]} 14. Ne4 {[%emt 0:00:38]} Ne7 $16 {[%emt 0:02:26]} 15. f4 {[%emt 0:02:15]} f5 {[%emt 0:04:03]} 16. Ng3 {[%emt 0:01:15]} Nf6 {[%emt 0:01:28]} 17. Qf3 {[%emt 0:01:28]} Kh8 {[%emt 0:03:54]} 18. Re1 {[%emt 0:04:00]} Qc7 {[%emt 0:02:30]} 19. Qe2 {[%emt 0:02:31]} Ng6 {[%emt 0:02:45]} 20. fxe5 {[%emt 0:01:47]} dxe5 {[%emt 0:00:43]} 21. Kh1 {[%emt 0:01:34]} Bd7 {[%emt 0:07:09]} 22. a4 {[%emt 0:02:06]} Rae8 {[%emt 0:01:26]} 23. b3 {[%emt 0:00:38]} Ng4 {[%emt 0:02:23]} 24. Ba3 {[%emt 0:02:40]} Nf4 {[%emt 0:07:01]} 25. Qf1 {[%emt 0:00:38]} a6 {[%emt 0:06:07]} 26. d4 {[%emt 0:05:53]} b5 {[%emt 0:02:17]} 27. dxe5 {[%emt 0:02:53]} bxc4 {[%emt 0:02:58]} 28. Qxf4 {[%emt 0:00:28]} cxb3 {[%emt 0:00:40]} 29. Bxf8 {[%emt 0:00:25]} Rxf8 {[%emt 0:00:38]} 30. h3 {[%emt 0:01:05]} g5 {[%emt 0:00:50]} 31. Qd4 {[%emt 0:00:08]} 1-0

[Event "GAMMA Reykjavik Open 2019"]
[Site "Reykjavik"]
[Date "2019.04.14"]
[Round "7.1"]
[White "Firouzja, Alireza"]
[Black "Lupulescu, Constantin"]
[Result "0-1"]
[WhiteElo "2669"]
[BlackElo "2634"]
[Annotator "TA"]
[PlyCount "62"]
[EventDate "2019.04.04"]
[EventType "swiss"]
[EventCountry "ISL"]
[SourceTitle "playchess.com"]
[Source "ChessBase"]
[SourceQuality "1"]

{[%evp 16,62,21,12,15,20,57,37,71,48,67,4,-16,-44,-45,-52,-52,-60,-46,-103,-14,-85,-90,-86,-85,-94,-94,-91,-83,-89,-79,-86,-89,-100,-89,-85,-84,-85,-95,-262,0,0,0,-1958,-1910,-29991,-29988,-29988,-29989]} 1. e4 e6 2. d4 d5 3. Nc3 Nf6 4. e5 Nfd7 5. f4 c5 6. Nf3 Nc6 7. Be3 Be7 8. Qd2 O-O 9. dxc5 Qa5 {C11: French: Classical System: 4 e5 and 4 Bg5 dxe4} 10. O-O-O b6 11. Bb5 Nb4 {White is slightly better.} 12. a3 (12. Kb1 {feels hotter.} bxc5 13. a3 Rb8 14. axb4 cxb4 15. Nxd5 exd5 16. Bxd7 Bxd7 17. Qxd5 Qxd5 18. Rxd5 Bf5 19. Bxa7 Rb7 20. Bc5) 12... bxc5 13. Bxd7 ({Weaker is} 13. axb4 cxb4 14. Na4 Qxb5 $17) (13. Kb1 $14) 13... Bxd7 $11 14. axb4 cxb4 15. Nb1 Rfc8 $1 16. Nd4 Qa2 17. f5 ({White should play} 17. b3 $15) 17... exf5 {[#]} (17... Ba4 $1 $17 18. fxe6 fxe6) 18. Rhf1 $146 (18. Qd3 $11) 18... a5 $1 $17 {[%cal Ba7a5,Ba5a4,Ba4a3][%mdl 32]} 19. Nxf5 Bxf5 20. Rxf5 {Hoping for Rdf1.} a4 $1 {[%cal Ra4a3] ...a3 is the strong threat.} 21. Bd4 a3 {[%mdl 1024] Black has strong compensation.} 22. e6 f6 $1 {Threatens to win with ...b3.} 23. Qd3 b3 $1 {[%cal Rb3c2]} 24. Rf2 Ra4 25. c3 {[#]} Rxd4 $1 ({And not} 25... Qa1 26. bxa3 Rxa3 27. Kd2 $18) 26. Qxd4 {[#]} Bc5 $1 {[%cal Rc5d4]} 27. Qd2 $2 ({Wrong is} 27. Qf4 $2 Qa1 $19) (27. Qd3 $17 {was worth a try.} Bxf2 28. Rd2) 27... Bxf2 $2 (27... axb2+ $19 28. Qxb2 Bxf2) 28. Qxf2 $11 Qa1 $40 {[%mdl 128] White must now prevent ...a2. White needs to defend precisely.} 29. e7 $2 {[%mdl 8192]} (29. Rxd5 $11 a2 30. Qf5) 29... a2 $19 30. e8=Q+ Rxe8 31. Qf5 d4 {Accuracy: White = 48%, Black = 71%.} 0-1

[Event "GAMMA Reykjavik Open 2019"]
[Site "Reykjavik"]
[Date "2019.04.14"]
[Round "7.2"]
[White "Jones, Gawain C B"]
[Black "Hovhannisyan, Robert"]
[Result "1/2-1/2"]
[WhiteElo "2698"]
[BlackElo "2630"]
[Annotator "TA"]
[PlyCount "61"]
[EventDate "2019.04.04"]
[EventType "swiss"]
[EventCountry "ISL"]
[SourceTitle "playchess.com"]
[Source "ChessBase"]
[SourceQuality "1"]

{[%evp 15,61,6,10,0,7,0,14,0,0,0,0,0,0,0,0,0,20,0,0,-8,-4,-5,-8,-12,11,-8,0,0,0,0,0,0,0,0,0,0,-1,0,-1,-4,-4,-6,-4,-6,-3,-2,-3,-1]} 1. Nf3 d5 2. g3 Bg4 3. Bg2 e6 4. c4 c6 5. O-O Nf6 6. cxd5 exd5 7. d3 Nbd7 8. Nc3 Bd6 {The position is equal.} 9. h3 {A11: English Opening: 1...c6} Bxf3 10. Bxf3 Qe7 11. e4 $146 ({Predecessor:} 11. Qc2 d4 12. Ne4 Nxe4 13. Bxe4 O-O 14. Rb1 Kh8 15. b4 f5 16. Bf3 Ne5 {½-½ (29) Donchenko,A (2569)-Hovhannisyan,R (2632) Gjakova 2016}) 11... dxe4 $1 12. Nxe4 Nxe4 13. Bxe4 {Black must now prevent Re1.} O-O 14. Re1 {[#] aiming for Bxh7+!} Qd8 15. d4 Re8 16. Bd2 Nf6 17. Bg2 Qb6 18. Rxe8+ Rxe8 19. Bc3 Nd5 20. Qc2 Bf8 21. Bxd5 cxd5 22. Qa4 Re6 23. Qd7 Qc6 24. Qxc6 Rxc6 $11 {[%mdl 4096] Endgame KRB-KRB} 25. Re1 Rc8 26. Re5 Rd8 $1 27. Kf1 f6 28. Re3 Kf7 29. Ke2 Re8 30. Rxe8 Kxe8 31. Bd2 {Accuracy: White = 60%, Black = 63%.} 1/2-1/2

[Event "GAMMA Reykjavik Open 2019"]
[Site "Reykjavik"]
[Date "2019.04.14"]
[Round "7.3"]
[White "Grandelius, Nils"]
[Black "Eggleston, David J"]
[Result "1-0"]
[WhiteElo "2687"]
[BlackElo "2401"]
[Annotator "TA"]
[PlyCount "111"]
[EventDate "2019.04.04"]
[EventType "swiss"]
[EventCountry "ISL"]
[SourceTitle "playchess.com"]
[Source "ChessBase"]
[SourceQuality "1"]

{[%evp 15,111,20,34,27,31,31,25,17,22,17,83,93,101,110,109,87,100,99,116,116,168,160,163,160,160,160,160,160,155,155,183,179,179,179,214,203,203,203,196,203,200,194,178,176,183,183,244,241,242,138,139,138,139,142,137,13,151,151,300,295,296,274,298,143,277,220,221,136,139,139,127,79,73,0,0,0,0,0,53,0,134,147,129,144,166,162,1388,1259,29981,29978,29992,29993,29993,29994,29994,29995,29995,29991]} 1. c4 Nf6 2. Nc3 e6 3. e4 d5 4. cxd5 exd5 5. e5 Ne4 6. Nf3 {[%cal Bg1f3,Bf3d4,Bd4b3][%mdl 32]} Nc6 7. Bb5 Be7 {A18: English Opening: Flohr-Mikenas System (1 c4 Nf6 2 Nc3 e6 3 e4)} 8. O-O O-O {LiveBook: 7 Games} 9. Ne2 $146 ({Predecessor:} 9. d4 Bg4 10. h3 Bh5 11. Be3 f6 12. exf6 Bxf6 13. Be2 Kh8 14. Re1 Qd6 15. Nd2 Bg6 16. Bf3 Rae8 17. Nb3 Nb4 {½-½ (107) Le,Q (2714)-Peralta,F (2580) Caleta 2019}) 9... Bg4 {White has an edge.} 10. Bxc6 bxc6 11. Nfd4 Bd7 12. d3 Ng5 (12... Nc5 $1 $11) 13. Qc2 $16 Qe8 14. f4 Ne6 {[#]} 15. Nb3 $1 f5 16. Be3 Qb8 17. Ned4 Nxd4 (17... Nd8 $16 18. Rac1 a5) 18. Bxd4 $18 a5 19. Bc5 a4 20. Bxe7 axb3 21. axb3 {[%cal Ba2b3,Bb3b4][%mdl 32] And now e6 would win.} Re8 22. Bc5 Qb5 23. Ra4 Rab8 24. b4 Be6 25. Rfa1 Qb7 26. Ra7 Qc8 27. R1a6 Bd7 28. Qa4 Qd8 29. Qa1 Rc8 30. Rb7 d4 (30... Rb8 $142) 31. Raa7 ({But not} 31. Bxd4 $6 Be6 $16) 31... Be6 32. Qe1 ({White should try} 32. Bd6 $18) 32... Bd5 $16 33. Bb6 $36 {[%mdl 2048] White is on the roll.} Re7 34. Qh4 {Black must now prevent Bc5.} Qe8 35. Bc5 (35. Rxc7 $16 Rexc7 36. Bxc7) 35... Qg6 (35... g5 $1 $11 36. Qf2 (36. fxg5 $2 Rxe5 37. Kf1 Re2 $19) (36. Qxg5+ Rg7 $16) 36... Rg7 37. fxg5 (37. Bxd4 $2 gxf4 38. Qh4 c5 $19) 37... Rxg5) 36. g3 Rf7 {[#]} (36... Rd7 $16 {keeps fighting.} 37. Rxc7 Rcxc7 38. Rxc7 Qe8) 37. Rxc7 $1 $18 {[%mdl 512]} Rfxc7 (37... Rcxc7 38. Qd8+) 38. Rxc7 Ra8 39. Ra7 (39. Kf2 $18) 39... Re8 (39... Rxa7 $16 {was worth a try.} 40. Bxa7 (40. Qd8+ Kf7 $18) 40... Qg4 41. Qxg4 (41. Qd8+ Kf7 $14) 41... fxg4 42. Bxd4 g6) 40. Bxd4 Bf7 41. Re7 Rxe7 42. Qxe7 h6 43. Kf2 Qg4 44. Qd7 (44. Qa7 $16) 44... Bh5 $11 45. Qxc6 {Kg2 is the strong threat.} Qe2+ 46. Kg1 Qe1+ 47. Kg2 {Threatens to win with h3.} Qe2+ (47... Be2 $1 $11 48. Qc8+ Kh7 49. Qxf5+ Kh8 50. Qc8+ Kh7) 48. Bf2 $16 Qxd3 49. e6 {Strongly threatening b5.} Kh7 50. h3 {aiming for b5.} Be2 $2 (50... Qd1 51. b5 Be2) 51. e7 $18 Bf1+ 52. Kg1 {White mates.} Bxh3 53. e8=Q {[%csl Ge8][%cal Rc6g6]} Qf1+ 54. Kh2 {[%csl Ge8][%cal Rc6g6]} Qxf2+ 55. Kxh3 {[%csl Ge8][%cal Rc6g6]} Qf1+ 56. Qg2 {Precision: White = 67%, Black = 52%.} 1-0

[Event "GAMMA Reykjavik Open 2019"]
[Site "Reykjavik"]
[Date "2019.04.14"]
[Round "7.4"]
[White "Tang, Andrew"]
[Black "L'Ami, Erwin"]
[Result "0-1"]
[WhiteElo "2501"]
[BlackElo "2647"]
[Annotator "TA"]
[PlyCount "78"]
[EventDate "2019.04.04"]
[EventType "swiss"]
[EventCountry "ISL"]
[SourceTitle "playchess.com"]
[Source "ChessBase"]
[SourceQuality "1"]

{[%evp 10,78,10,9,13,13,9,12,19,12,20,7,10,2,12,0,14,17,11,0,24,0,10,7,19,10,31,21,34,20,51,17,24,0,0,0,0,0,0,0,0,0,0,0,0,0,0,0,0,-222,-222,-222,-206,-210,-222,-251,-251,-250,-248,-278,-278,-410,-188,-410,-398,-391,-383,-531,-523,-614,-595]} 1. d4 Nf6 2. c4 e6 3. Nc3 Bb4 4. Qc2 O-O 5. Nf3 d5 6. Bg5 h6 {E32: Nimzo-Indian: Classical (4 Qc2): 4...0-0} 7. Bxf6 Qxf6 8. a3 Bxc3+ $1 {The position is equal.} 9. Qxc3 c6 10. h4 Nd7 11. g4 Qf4 $146 ({Predecessor:} 11... Qe7 12. g5 h5 13. e3 dxc4 14. Bxc4 {½-½ (56) Mamedyarov,S (2808)-Anand,V (2759) Paris 2018}) 12. g5 h5 13. Rh3 g6 14. e3 Qd6 15. Rc1 a5 16. Ne5 Nxe5 17. dxe5 Qc5 18. Rf3 Rd8 19. Rf4 Bd7 20. Bd3 Be8 21. Qd4 (21. Rd4 {is interesting.} Qb6 22. cxd5 cxd5 23. Rf4 Rdb8 24. Qc2) 21... Qxd4 22. exd4 dxc4 23. Rxc4 b6 24. Ke2 Rac8 25. Rc3 c5 26. dxc5 bxc5 27. Ke3 Rd5 28. Re4 Rcd8 29. Ke2 $2 {[#]} (29. Be2 $11) 29... Rxd3 $1 $19 {[%mdl 576] Remove Defender} 30. Rxd3 {[%mdl 4096] Endgame KRR-KRB} Bb5 31. Ree3 Rd4 {[%mdl 64] Pin} ({And not} 31... Bxd3+ 32. Rxd3 Rb8 33. b3 $11) 32. Kd2 {And now Rxd4 would win.} Bxd3 33. Rxd3 Rxh4 {KR-KR} 34. Rd8+ Kg7 35. Ra8 (35. Rc8 $142 Rg4 36. Rxc5) 35... a4 (35... Rg4 $142 36. Rc8 c4) 36. Ra5 $2 (36. f3 {keeps fighting.}) 36... Rg4 37. Rxc5 h4 38. Ke2 Rxg5 39. Rc4 h3 {Accuracy: White = 40%, Black = 79%.} 0-1

[Event "GAMMA Reykjavik Open 2019"]
[Site "Reykjavik"]
[Date "2019.04.14"]
[Round "7.5"]
[White "Movsesian, Sergei"]
[Black "Sadzikowski, Daniel"]
[Result "1/2-1/2"]
[WhiteElo "2637"]
[BlackElo "2523"]
[Annotator "TA"]
[PlyCount "102"]
[EventDate "2019.04.04"]
[EventType "swiss"]
[EventCountry "ISL"]
[SourceTitle "playchess.com"]
[Source "ChessBase"]
[SourceQuality "1"]

{[%evp 9,102,20,21,21,20,15,16,0,0,-5,-10,-5,-1,0,0,-14,-10,-10,0,0,0,-26,0,-31,0,-23,-23,-18,-11,-49,-47,-54,-47,-41,-2,-76,-28,-32,-16,-47,-57,-43,-55,-81,-83,-99,-25,-27,-27,-68,-69,-84,-72,-72,-86,-90,-81,-105,-97,-100,-91,-114,-74,-113,-78,-72,-74,-98,-94,-95,-93,-88,-96,-87,-103,-95,-87,-81,-89,-134,-147,-146,-140,-147,-19,-221,-54,-54,0,0,0,-12,0,0,0]} 1. e4 c6 2. d4 d5 3. e5 c5 4. dxc5 e6 5. Nf3 Bxc5 6. Bd3 {B12: Caro-Kann: Advance Variation} Ne7 7. a3 Ng6 8. b4 (8. O-O O-O 9. Nbd2 Nc6 10. b4 Bb6 11. Bxg6 fxg6 12. Nb3 Bd7 13. Re1 {1-0 (29) Anand,V (2773)-Mamedyarov,S (2817) Wijk aan Zee 2019}) 8... Be7 9. O-O a5 $146 ({Predecessor:} 9... O-O 10. Bb2 a5 11. b5 Nf4 12. c4 Nxd3 13. Qxd3 {0-1 (47) Petrov,N (2593)-Piorun,K (2634) St Petersburg 2018}) 10. b5 Nd7 11. Re1 a4 12. c4 dxc4 13. Bxc4 O-O 14. Bb2 b6 15. Nbd2 Bb7 16. Bf1 Qb8 17. Nc4 Rd8 18. Qe2 Bd5 19. Nfd2 Nc5 {[%cal Bd7c5,Bc5d3,Bd3e1][%mdl 32]} 20. g3 Ra7 21. h4 Nd3 22. h5 (22. Qxd3 $11 Bxc4 23. Qxc4 Rxd2 24. Re2) 22... Nxe1 23. hxg6 Bxc4 $1 24. gxf7+ Kh8 $1 25. Nxc4 Nd3 26. Qe4 Nxb2 27. Nxb2 Qb7 (27... Bc5 $17 {Threatens to win with ...Rd4.} 28. Bd3 g6) 28. Qxb7 $11 Rxb7 29. Bh3 Bf8 30. Bxe6 Re7 31. Bc4 Rxe5 32. Nxa4 Rd6 33. Bf1 g6 {[%mdl 1024] Black has strong compensation.} 34. Rc1 Kg7 35. Rc6 Re1 36. Kg2 Ree6 ({Don't take} 36... Kxf7 37. Nxb6 Rxc6 38. bxc6 $15) 37. Rc2 Rf6 38. Bc4 Rd4 39. Nb2 Bxa3 40. Nd3 Bd6 41. Ne1 Rf5 42. Nf3 Rd1 43. Be2 Rdd5 44. Rc6 {[#]} Bc5 $1 45. Bc4 Rd8 46. Rc7 h5 (46... h6 $17 {And now ...g5 would win.} 47. Ra7 Rd6) 47. Ra7 $2 (47. Be6 $1 $11 Rf6 48. Bc4) 47... Kh6 $2 (47... Rd6 $19 {...Rdf6 is the strong threat.} 48. Ra8 Rdf6 49. Rg8+ Kh7) 48. Ra2 $15 g5 ({Black should try} 48... Bf8 $1 $15) 49. Re2 $1 $11 {The position is equal.} g4 50. Ne5 Rf6 51. Nd3 $1 {[%cal Rd3c5] [#]} Rxd3 $1 {[%mdl 512] Accuracy: White = 56%, Black = 55%.} 1/2-1/2

[Event "GAMMA Reykjavik Open 2019"]
[Site "Reykjavik"]
[Date "2019.04.14"]
[Round "7.6"]
[White "Parligras, Mircea-Emilian"]
[Black "Stefansson, Hannes"]
[Result "1-0"]
[WhiteElo "2633"]
[BlackElo "2558"]
[Annotator "TA"]
[PlyCount "51"]
[EventDate "2019.04.04"]
[EventType "swiss"]
[EventCountry "ISL"]
[SourceTitle "playchess.com"]
[Source "ChessBase"]
[SourceQuality "1"]

{[%evp 9,51,11,10,4,4,-7,0,-9,0,-7,-5,-8,-14,-10,17,0,26,15,72,60,61,41,40,48,44,56,48,53,50,37,54,47,61,18,70,54,206,206,207,205,166,160,377,377]} 1. Nf3 d5 2. e3 Nf6 3. c4 e6 4. b3 Bd6 5. Bb2 O-O 6. d4 {A13: English Opening: 1...e6} b6 7. cxd5 $146 ({Predecessor:} 7. Bd3 Bb7 8. O-O dxc4 9. Bxc4 Nbd7 10. Nc3 Qe7 11. Nb5 a6 12. Nxd6 cxd6 13. Nd2 Ne4 14. Nxe4 Bxe4 15. f3 Bg6 16. a4 {1-0 (29) Harikrishna,P (2729)-So,W (2765) Kolkata 2018}) 7... exd5 8. Nc3 {The position is equal.} Bb7 9. g3 Nbd7 10. Bg2 Ba6 11. a3 c5 12. b4 Bc4 13. Nd2 cxb4 (13... Bd3 $11) 14. axb4 $16 Qc7 15. Rc1 (15. Nxc4 {looks sharper.} Bxb4 16. Qb3 Bxc3+ 17. Bxc3 dxc4 18. Qb5) 15... Bxb4 {[#]} 16. Nxd5 $1 {[%mdl 512]} Nxd5 (16... Bxd5 17. Rxc7) 17. Bxd5 {[%mdl 64] Pin} b5 18. Bxa8 Rxa8 19. f3 a5 20. Kf2 Nb6 21. d5 f5 ({Black should try} 21... Rd8 $1 $11) 22. Bd4 {aiming for Bxb6.} (22. Qe2 $5) 22... Bc5 $2 (22... Bxd2 $1 $14 23. Qxd2 (23. Bxb6 Qxb6 24. Qxd2 Rd8 $16) 23... a4 24. Bxb6 Qxb6) 23. Nxc4 $18 Nxc4 {[#]} 24. Qd3 $1 Bxd4 25. Qxd4 {Black must now prevent d6!} ({Don't play} 25. exd4 $6 Qf7 $14) 25... a4 $2 {[#]} (25... Qd6 $16 {was called for.} 26. Rc3 Rc8) 26. d6 $1 {Accuracy: White = 48%, Black = 32%.} 1-0